00173nam a2200085Ia 4500008004100000041000800041100000900049245002000058260000900078240625s9999 xx 000 0 und d aeng aCHIP aCHIP POWER TOYS c1909